Allusive politics: English Fakir Mohan Senapati and the Rebati epigraph (Record no. 510701)
[ view plain ]
| 000 -LEADER | |
|---|---|
| fixed length control field | 00416nam a22001457a 4500 |
| 008 - FIXED-LENGTH DATA ELEMENTS--GENERAL INFORMATION | |
| fixed length control field | 190829b ||||| |||| 00| 0 eng d |
| 100 ## - MAIN ENTRY--PERSONAL NAME | |
| Personal name | Satpathy, Sumanyu |
| 245 ## - TITLE STATEMENT | |
| Title | Allusive politics: English Fakir Mohan Senapati and the Rebati epigraph |
| 260 ## - PUBLICATION, DISTRIBUTION, ETC. (IMPRINT) | |
| Date of publication, distribution, etc | 2019 |
| 300 ## - PHYSICAL DESCRIPTION | |
| Extent | p.27-31. |
| 650 ## - SUBJECT ADDED ENTRY--TOPICAL TERM | |
| Topical term or geographic name as entry element | Lingusitics |
| 9 (RLIN) | 9129 |
| 773 ## - HOST ITEM ENTRY | |
| Main entry heading | Economic and Political Weekly |
| 906 ## - LOCAL DATA ELEMENT F, LDF (RLIN) | |
| Subject DIP | Nationalism |
| 942 ## - ADDED ENTRY ELEMENTS (KOHA) | |
| Source of classification or shelving scheme | |
| Item type | Articles |
No items available.
